Knowledge Is Beautiful (Record no. 370239)

MARC details
000 -LEADER
fixed length control field 00395 a2200157 4500
005 - DATE AND TIME OF LATEST TRANSACTION
control field 20260130114101.0
008 - FIXED-LENGTH DATA ELEMENTS--GENERAL INFORMATION
fixed length control field 260130b |||||||| |||| 00| 0 eng d
020 ## - INTERNATIONAL STANDARD BOOK NUMBER
International Standard Book Number 9780007427925
082 ## - DEWEY DECIMAL CLASSIFICATION NUMBER
Classification number 720/MCA
100 ## - MAIN ENTRY--PERSONAL NAME
Author McCandless D
245 ## - TITLE STATEMENT
Title Knowledge Is Beautiful
260 ## - PUBLICATION, DISTRIBUTION, ETC.
Name of publisher, distributor, etc. William Collins
Date of publication, distribution, etc. 2014
Place of publication, distribution, etc. london
300 ## - PHYSICAL DESCRIPTION
Extent 255p
Other physical details HB
500 ## - GENERAL NOTE
Keywords General Architecture
942 ## - ADDED ENTRY ELEMENTS (KOHA)
Koha item type Books
Holdings
Withdrawn status Lost status Source of classification or shelving scheme Damaged status Not for loan Home library Current library Date acquired Vendor Net Price Total Checkouts Full call number Barcode Date last seen Actual Price Bill Date Koha item type Date last checked out
    Dewey Decimal Classification     Dr. Bhanuben Nanavati College of Architecture Dr. Bhanuben Nanavati College of Architecture 29/01/2026 213 1049.30   720/MCA BNCA-BK-13444 29/01/2026 1499.00 24/01/2026 Books  
    Dewey Decimal Classification     Dr. Bhanuben Nanavati College of Architecture Dr. Bhanuben Nanavati College of Architecture 29/01/2026 213 1049.30 1 720/MCA BNCA-BK-13443 30/03/2026 1499.00 24/01/2026 Books 25/03/2026
    Dewey Decimal Classification     Dr. Bhanuben Nanavati College of Architecture Dr. Bhanuben Nanavati College of Architecture 29/01/2026 213 1049.30   720/MCA BNCA-BK-13445 29/01/2026 1499.00 24/01/2026 Books